[Event "Frankfurt-ch"]
[Site "Frankfurt"]
[Date "2010.05.10"]
[Round "3"]
[White "Dages, Rolf Hermann"]
[Black "Roccasalvo, Giuseppe"]
[Result "0-1"]
[WhiteElo "1600"]
[BlackElo "1854"]
[PlyCount "40"]
[EventDate "2010.04.26"]
[EventType "swiss"]
[EventRounds "7"]
[EventCountry "GER"]
[SourceTitle "EXT 2011"]
[Source "ChessBase"]
[SourceDate "2010.11.26"]
[SourceVersion "1"]
[SourceVersionDate "2010.11.26"]
[SourceQuality "1"]

1. d4 Nf6 2. Nc3 d5 3. e4 Nxe4 4. Nxe4 dxe4 5. Bb5+ c6 6. Bc4 Bf5 7. f3 e6 8. Be3 Nd7 9. Qd2 Bd6 10. 0-0-0 Nb6 11. Bb3 Qe7 12. Bg5 f6 13. g4 fxg5 14. gxf5 Bf4 15. Qxf4 gxf4 16. fxe4 exf5 17. exf5 Qe3+ 18. Kb1 0-0-0 19. c3 Qe4+ 20. Kc1 Qxh1 0-1

[Event "Frankfurt-ch"]
[Site "Frankfurt"]
[Date "2010.05.03"]
[Round "2"]
[White "Urbach, Jens"]
[Black "Dages, Rolf Hermann"]
[Result "0-1"]
[WhiteElo "927"]
[BlackElo "1600"]
[PlyCount "56"]
[EventDate "2010.04.26"]
[EventType "swiss"]
[EventRounds "7"]
[EventCountry "GER"]
[SourceTitle "EXT 2011"]
[Source "ChessBase"]
[SourceDate "2010.11.26"]
[SourceVersion "1"]
[SourceVersionDate "2010.11.26"]
[SourceQuality "1"]

1. e4 e5 2. Bc4 Nf6 3. d3 Nc6 4. c3 Na5 5. b3 c6 6. d4 Nxc4 7. bxc4 Nxe4 8. Qe2 d5 9. dxe5 Bc5 10. Be3 Qb6 11. Bxc5 Qxc5 12. f3 Ng5 13. h4 Ne6 14. Nd2 Nf4 15. Nb3 Qe7 16. Qd2 Qxe5+ 17. Kf1 0-0 18. Re1 Qf6 19. g3 Nh5 20. Qg5 Qxg5 21. hxg5 Nxg3+ 22. Kg2 Nxh1 23. Kxh1 Be6 24. cxd5 Bxd5 25. Nc1 Rfe8 26. Rxe8+ Rxe8 27. a4 Re1 28. Nce2 Bxf3+ 0-1

[Event "Frankfurt-ch"]
[Site "Frankfurt"]
[Date "2010.04.26"]
[Round "1"]
[White "Dages, Rolf Hermann"]
[Black "Hitzer, Dieter"]
[Result "0-1"]
[WhiteElo "1600"]
[BlackElo "1799"]
[PlyCount "88"]
[EventDate "2010.04.26"]
[EventType "swiss"]
[EventRounds "7"]
[EventCountry "GER"]
[SourceTitle "EXT 2011"]
[Source "ChessBase"]
[SourceDate "2010.11.26"]
[SourceVersion "1"]
[SourceVersionDate "2010.11.26"]
[SourceQuality "1"]

1. d4 Nf6 2. Nc3 e6 3. Bg5 h6 4. Bh4 Be7 5. h3 b6 6. e4 d6 7. Bb5+ c6 8. Bd3 Nbd7 9. Qe2 0-0 10. e5 Nd5 11. Qe4 f5 12. exf6 N7xf6 13. Nxd5 Nxe4 14. Nxe7+ Kf7 15. Bxe4 g5 16. Nxc6 Qc7 17. Bg3 Bb7 18. d5 exd5 19. Bxd5+ Kg7 20. 0-0-0 Bxc6 21. Nf3 Bxd5 22. Rxd5 Qc4 23. Rxd6 Qxa2 24. Be5+ Kh7 25. Rd7+ Rf7 26. Rxf7+ Qxf7 27. h4 g4 28. Ng5+ hxg5 29. hxg5+ Kg6 30. Bf6 Qd5 31. Rh6+ Kf5 32. f3 Re8 33. fxg4+ Kxg4 34. b3 Re2 35. Kb2 Qd2 36. Ka3 Qxc2 37. Rh3 Qc5+ 38. b4 Re3+ 39. Rxe3 Qxe3+ 40. Ka4 Qe8+ 41. Ka3 b5 42. Kb3 Qe4 43. g3 Kf5 44. g4+ Kg6 0-1

[Event "Frankfurt-ch"]
[Site "Frankfurt"]
[Date "2009.05.04"]
[Round "2"]
[White "Trumpfheller, Roland"]
[Black "Dages, Rolf Hermann"]
[Result "1/2-1/2"]
[WhiteElo "1770"]
[BlackElo "1537"]
[PlyCount "31"]
[EventDate "2009.04.27"]
[EventType "tourn"]
[EventRounds "7"]
[EventCountry "GER"]
[SourceTitle "EXT 2010"]
[Source "ChessBase"]
[SourceDate "2010.11.25"]
[SourceVersion "1"]
[SourceVersionDate "2010.11.25"]
[SourceQuality "1"]

1. d4 Nf6 2. c4 e5 3. dxe5 Ng4 4. e4 Nxe5 5. f4 Ng6 6. Be3 Bb4+ 7. Nc3 Bxc3+ 8. bxc3 0-0 9. Nf3 d6 10. Bd3 b6 11. 0-0 Nd7 12. Qd2 Bb7 13. f5 Nge5 14. Nxe5 Nxe5 15. f6 Re8 16. Bd4 1/2-1/2

[Event "Rhein Main op 11th"]
[Site "Bad Homburg"]
[Date "2008.05.24"]
[Round "6"]
[White "Dages, Rolf Hermann"]
[Black "Mager, Denis"]
[Result "1-0"]
[WhiteElo "1489"]
[BlackElo "1145"]
[PlyCount "89"]
[EventDate "2008.05.21"]
[EventType "swiss"]
[EventRounds "7"]
[EventCountry "GER"]
[SourceTitle "CBM 124 Extra"]
[Source "ChessBase"]
[SourceDate "2008.07.03"]
[SourceVersion "1"]
[SourceVersionDate "2008.07.03"]
[SourceQuality "1"]

1. f4 d5 2. e3 c5 3. d4 Bf5 4. Bd3 Bxd3 5. Qxd3 c4 6. Qe2 Nf6 7. Nc3 e6 8. Bd2 Nc6 9. Nf3 Bd6 10. a3 0-0 11. Ne5 Bxe5 12. fxe5 Nd7 13. h4 f6 14. exf6 Qxf6 15. 0-0-0 a6 16. g4 Qf2 17. Qxf2 Rxf2 18. Rdf1 Raf8 19. Rxf2 Rxf2 20. g5 b5 21. Nd1 Rf7 22. c3 Na5 23. Be1 Nb3+ 24. Kc2 Nf8 25. Nf2 Rf3 26. Rh3 Rxh3 27. Nxh3 Ng6 28. h5 Ne7 29. Nf4 Kf7 30. Kd1 Nf5 31. Ke2 h6 32. gxh6 gxh6 33. Kf3 Kf6 34. e4 Ne7 35. Bh4+ Kf7 36. Bxe7 Kxe7 37. exd5 exd5 38. Nxd5+ Kd6 39. Nf6 Na5 40. Ng8 Ke6 41. Kf4 Nc6 42. Nxh6 Kf6 43. Ng4+ Ke6 44. Kg5 Ne7 45. Ne5 1-0